000 00985cam a22002897a 4500
001 17867474
005 20150513145657.0
008 130827s2013 mauad frbd 000 0 eng d
010 _a2013427779
020 _a9780124017207
020 _a0124017207
040 _aCNKEY
_cCNKEY
_dOCLCO
_dCDX
_dIXA
_dMEAUC
_dDLC
_dEG-ScBUE
082 0 0 _222
_a622.33827
_bSPE
100 1 _aSpeight, James G.
_94382
245 1 0 _aHeavy oil production processes /
_cJames G. Speight.
260 _aWaltham, United States :
_bElsevier :
_bGulf Professional Publishing,
_c2013.
300 _aviii, 169 p. :
_bcharts, tables ;
_c23 cm.
500 _aGlossary : 149-169.
500 _aTransferred to digital printing 2013.
504 _aIncludes bibliographical references.
650 7 _aHeavy oil.
_2BUEsh
_924669
650 7 _aEnhanced oil recovery.
_2BUEsh
_928476
651 _2BUEsh
653 _bENGPET
_bENGGEN
_cDecember2014
_cMay2015
655 _vreading book
_934232
942 _2ddc
_k622.33827 SPE
999 _c18731
_d18703